| 000 | 02466ncm0a2200469 4500 | ||
|---|---|---|---|
| 001 | RU\NLR\ONIZ\306175 | ||
| 005 | 20250630172247.0 | ||
| 035 | _a(NLR Aleph) 022477017 | ||
| 071 | 2 | 0 | _aм. 9457 г. |
| 090 |
_a13372757 _c13372757 |
||
| 100 | _a20250221d1929 |||y0rusy50 ca | ||
| 101 | 0 | _acrh | |
| 102 | _aRU | ||
| 135 | _acrcn 024anaba | ||
| 145 | 0 | _ab | |
| 200 | 1 |
_aКрымские напевы _bНоты _eтатарские песни и пляски _eдля фортепиано _fС. Халваджи |
|
| 203 |
_aМузыка _bзнаковая _bвизуальная _cнепосредственная |
||
| 210 |
_aМосква _cМузыкальный сектор _d1929 |
||
| 215 |
_a9 с. _d36 см |
||
| 313 | _aСистематизация документа проведена по изданию - Методика классифицирования музыкальных произведений (нотных изданий) по таблицам Библиотечно-библиографических классификаций : метод. рекомендации / Гос. б-ка СССР им. В.И. Ленина.- М., 1977. Индексу ББК методических рекомендаций присваивается код ББК для научных библиотек - LBC/SL | ||
| 325 | 1 | _aКопия доступна в электронной библиотеке РНБ | |
| 606 | 1 |
_aКрым _xМузыкальные интерпретации _jНоты _2nlr_sh |
|
| 606 | 1 |
_aКрымскотатарская музыка _y20-21 вв. _jНоты _2nlr_sh |
|
| 606 | 1 |
_aТатарские песни и пляски _jНоты _2nlr_sh |
|
| 686 | 0 | _aЩ954.2-058.55(2Р=Тата)я44 | |
| 700 | 1 |
_9z01790 _aХалваджи _bС. _4230 _7ca |
|
| 790 | 1 |
_9z01700 _aChalvadži _bS. _4230 _7ba |
|
| 801 | 0 |
_aRU _bNLR _c20250221 _gPSBO |
|
| 801 | 1 |
_aRU _bNLR _c20250221 _2rusmarc |
|
| 852 |
_aNLR _bМ _j145-4/25 _p33497 _t1 |
||
| 856 | 0 | _uhttps://vivaldi.nlr.ru/bn000011825/view | |
| 856 | 1 | _uhttps://vivaldi.nlr.ru/bn000011825/cover | |
| 856 | 2 | _uhttps://vivaldi.nlr.ru/bn000011825/text | |
| 942 | _cSCORE | ||
| 980 | _aONIZ | ||
| 980 | _aCrimea | ||
| 980 | _aNB | ||
| 981 | 4 | 8 | _a(48) Крым: история в документах |
| 981 | 2 | 4 | _a(24) Нотные издания и аудиозаписи |